| 000 | 00376nam a22001577a 4500 | ||
|---|---|---|---|
| 005 | 20171025100648.0 | ||
| 008 | 171025b xxu||||| |||| 00| 0 eng d | ||
| 041 | _aeng | ||
| 082 | _a657.45 | ||
| 100 |
_aSHAH, CA URVISH _93986 |
||
| 245 | _aAUDITING AND ASSURANCE | ||
| 250 | _a8TH ED. 2015 | ||
| 260 |
_aAHMEDABAD _bDISH NINE PUBLICATION |
||
| 300 | _a13.4p. | ||
| 942 | _cBK | ||
| 999 |
_c5627 _d5625 |
||